000 00473nam a2200193Ia 4500
005 20250603145751.0
008 250603s9999 xx 000 0 und d
020 _a81-207-3254-5
050 _aLB 2846 .S53/
100 _aSidhu, Kulbir Singh
245 0 _aStatistics in education and psychology
250 _a11th ed.
260 _aNew Delhi
260 _bSterling Publisher Pvt.Ltd
260 _c2007
300 _a295 p
650 _aNew Delhi
942 _cBK
999 _c42794
_d42794